Manual de casos prácticos (Registro nro. 158853)
[ vista simple ]
| 000 -LEADER | |
|---|---|
| fixed length control field | 00977ny a22002173n 4500 |
| 008 - FIXED-LENGTH DATA ELEMENTS--GENERAL INFORMATION | |
| fixed length control field | 100325s2008 mx s 000 0 spa d |
| 035 ## - | |
| -- | 4707 |
| 040 ## - CATALOGING SOURCE | |
| Original cataloging agency | UMA.RE |
| Modifying agency | vLex |
| 090 ## - | |
| -- | 322 |
| -- | 322 |
| 100 1# - MAIN ENTRY--PERSONAL NAME | |
| Personal name | Fol Olguin, Raymundo |
| 245 10 - TITLE STATEMENT | |
| Title | Manual de casos prácticos |
| Medium | [Recurso electrónico] |
| Remainder of title | ISR / |
| Statement of responsibility, etc | Raymundo Fol Olguin, José Pérez Chavez |
| 256 ## - | |
| -- | Servicio en línea |
| 260 ## - PUBLICATION, DISTRIBUTION, ETC. (IMPRINT) | |
| Place of publication, distribution, etc | México : |
| Name of publisher, distributor, etc | Tax Editores, |
| Date of publication, distribution, etc | 2008 |
| 506 1# - RESTRICTIONS ON ACCESS NOTE | |
| Terms governing access | Contenido solo disponible en los productos indicados |
| Authorized users | vLex Global |
| -- | vLex Global (Academic Edition, excluding Law Schools) |
| -- | vLex Global (U.S. Academic Edition, Law Schools) |
| -- | vLex Global (U.S. Academic Edition, excluding Law Schools) |
| -- | vLex Global (Academic Edition, Law Schools) |
| 650 04 - SUBJECT ADDED ENTRY--TOPICAL TERM | |
| Topical term or geographic name as entry element | Impuesto sobre la renta |
| Geographic subdivision | México |
| General subdivision | Publicaciones periódicas |
| 700 1# - ADDED ENTRY--PERSONAL NAME | |
| Personal name | Pérez Chavez, José |
| 740 0# - | |
| -- | vLex Libros (Servicios en línea) |
| 856 40 - LOCALIZACIÓN Y ACCESO ELECTRÓNICO | |
| Identificador Uniforme del Recurso (URI/URL) | https://app.vlex.com/#/sources/4707 |
| 942 ## - | |
| -- | RAA |
| 999 ## - | |
| -- | 158853 |
| -- | 158853 |
No hay ítems disponibles.